000 00524nam a2200169 4500
001 109627
003 ES-MaACL
005 20230906184858.0
007 t|
008 061121s1973 sp r ||||1| spa d
100 1 _aMunir Cerasi, Maurice.
_984203
245 1 3 _aLa lectura del ambiente /
_cMaurice Munir Cerasi; traducción de Francesc Serra Cantaréll.
260 _aBarcelona :
_bA.J.E.,
_c1973.
300 _a206 p. ;
_c24 cm.
700 1 _aSerra Cantarell, Francisco.
_9105625
852 _aES-MaACL
_jC-52318
_bR.85852
999 _c109627
_d109627